01668nam a2200205 a 4500020002700000020003000027082001700057100002200074245009700096250001200193260005100205300001400256500002700270520092200297650002501219856007001244942000701314999001501321952012601336 a0071247106 (paperback) a9780071247108 (paperback) a660.2842 MCC1 aMcCabe, Warren L.10aUnit operations of chemical engineering. warren L. mccabe, julian C. smith, peter harriott / a7th ed. a[S.l.] :bMcGraw-Hill Higher Education,c2005. a1152 p. ; aInternational Edition. aUnit Operations of Chemical Engineering, 7th edition continues its lengthy, successful tradition of being one of McGraw-Hill's oldest texts in the Chemical Engineering Series. Since 1956, this text has been the most comprehensive of the introductory, undergraduate, chemical engineering titles available. Separate chapters are devoted to each of the principle unit operations, grouped into four sections: fluid mechanics, heat transfer, mass transfer and equilibrium stages, and operations involving particulate solids. Now in its seventh edition, the text still contains its balanced treatment of theory and engineering practice, with many practical, illustrative examples included. Almost 30 per cent of the problems have been revised or are new, some of which cover modern topics such as food processing and biotechnology. Other unique topics of this text include diafiltration, adsorption and membrane operations. achemical engineering40uhttp://www.amazon.com/exec/obidos/ASIN/0071247106/chopaconline-20 cBK c1638d1638 0010708NFICaICbICcGENd2015-07-20g2369.00l3o660.2842 MCCp005245r2022-11-17 00:00:00s2019-09-01w2015-07-20yBK